000 00666nam a2200193 i 4500
001 129145
003 ES-MaACL
005 20250829062533.0
007 t|
008 070607s1984 sp ||||1| spa d
080 _a621.3.049(075.8)
245 0 0 _aTeoria de circuitos
_b: (ingenieria industrial) /
_cpor Valentín M. Parra Prieto y otros.
260 _a[Madrid] :
_bUniversidad Nacional de Educación a Distancia,
_c[1984]
300 _a2 v. :
_bil. ;
_c30 cm.
700 1 _aParra Prieto, Valentín M.
_989254
710 2 _aUniversidad Nacional de Educación a Distancia (España)
_97405
852 _aES-MaACL
_jL-7232-3
_bR.107945
999 _c129145
_d129145